[Event "Olomouc 2008 - IM - B"]
[Site "?"]
[Date "2008.07.30"]
[Round "1.1"]
[White "Cernin, Radim"]
[Black "Arslanov, Shamil"]
[Result "0-1"]
[WhiteElo "2277"]
[BlackElo "2228"]
[PlyCount "82"]
[EventDate "2008.07.30"]

1. c4 e6 2. Nc3 d5 3. d4 c6 4. Nf3 f5 5. Bf4 Nf6 6. e3 Be7 7. h3 Nbd7 8. a3 Ne4
9. Nd2 Bf6 10. cxd5 exd5 11. g4 Bh4 12. Rh2 g5 13. Ncxe4 fxe4 14. Bg3 Bxg3 15.
fxg3 Qc7 16. Kf2 O-O+ 17. Kg2 a5 18. Be2 b6 19. h4 Rf7 20. hxg5 Nf8 21. Qh1 Qe7
22. Rf1 Rxf1 23. Qxf1 Qxg5 24. Qf4 Qe7 25. Qh6 Ng6 26. g5 Bd7 27. Bh5 Qg7 28.
Bxg6 Qxg6 29. Qxg6+ hxg6 30. Rh1 Rf8 31. Rf1 Rxf1 32. Nxf1 c5 33. dxc5 bxc5 34.
Nd2 Ba4 35. g4 Kf7 36. Kg3 Ke6 37. Kf4 Bc2 38. Nf1 d4 39. exd4 cxd4 40. b4 axb4
41. axb4 e3 0-1

[Event "Olomouc 2008 - IM - B"]
[Site "?"]
[Date "2008.07.30"]
[Round "1.2"]
[White "Blomqvist, Erik"]
[Black "Langrock, Hannes"]
[Result "1/2-1/2"]
[WhiteElo "2322"]
[BlackElo "2398"]
[PlyCount "61"]
[EventDate "2008.07.30"]

1. e4 e6 2. d4 d5 3. Nc3 dxe4 4. Nxe4 Nd7 5. Nf3 Ngf6 6. Bd3 c5 7. O-O Nxe4 8.
Bxe4 Nf6 9. Bg5 cxd4 10. Qe2 Qb6 11. Rfd1 Nxe4 12. Qxe4 Bc5 13. Rab1 a5 14.
Nxd4 O-O 15. Rd3 Bxd4 16. Rxd4 f6 17. Be3 e5 18. Rd2 Qe6 19. Bc5 Re8 20. Rbd1
Qxa2 21. b3 a4 22. Rd8 Be6 23. Rxa8 Rxa8 24. bxa4 Qxa4 25. Qxb7 Rc8 26. Qb6 Qc6
27. Rd8+ Rxd8 28. Qxd8+ Kf7 29. Qf8+ Kg6 30. h4 h5 31. Qd6 1/2-1/2

[Event "Olomouc 2008 - IM - B"]
[Site "?"]
[Date "2008.07.30"]
[Round "1.3"]
[White "Sluka, Radek"]
[Black "Bures, Jaroslav"]
[Result "0-1"]
[WhiteElo "2326"]
[BlackElo "2243"]
[PlyCount "106"]
[EventDate "2008.07.30"]

1. e4 c6 2. d4 d5 3. Nc3 dxe4 4. Nxe4 Bf5 5. Ng3 Bg6 6. Nf3 Nd7 7. h4 h6 8. h5
Bh7 9. Bd3 Bxd3 10. Qxd3 e6 11. Bd2 Qc7 12. O-O-O O-O-O 13. Ne4 Ngf6 14. g3 Nc5
15. Nxc5 Bxc5 16. Qc4 Bd6 17. Qa4 Kb8 18. c4 b5 19. Qb3 Qb7 20. Ne5 Ka8 21. Ba5
Rb8 22. c5 Bxe5 23. dxe5 Nd5 24. Bd2 b4 25. Qc4 Qe7 26. Kb1 Rb5 27. Rc1 a5 28.
Rh4 Qc7 29. Qe2 Rd8 30. Rg4 f5 31. exf6 Nxf6 32. Rg6 Qe7 33. Bf4 Rd5 34. Bd6
Qf7 35. g4 Kb7 36. f4 Rd4 37. Rd1 Rxd1+ 38. Qxd1 e5 39. fxe5 Ne4 40. Qd3 Nc3+
41. Kc1 Qxa2 42. Rxg7+ Ka6 43. Kd2 Qxb2+ 44. Ke3 Qg2 45. e6 Nd5+ 46. Kd4 Qf2+
47. Ke4 b3 48. e7 b2 49. e8=Q Nf6+ 50. Ke5 Nxe8 51. Qe4 Rxc5+ 52. Bxc5 Qxc5+
53. Kf4 Nxg7 0-1

[Event "Olomouc 2008 - IM - B"]
[Site "?"]
[Date "2008.07.30"]
[Round "1.4"]
[White "Lahiri, Atanu"]
[Black "Tibensky, Robert"]
[Result "1-0"]
[WhiteElo "2338"]
[BlackElo "2416"]
[PlyCount "91"]
[EventDate "2008.07.30"]

1. d4 Nf6 2. c4 c5 3. d5 b5 4. f3 bxc4 5. e4 d6 6. Bxc4 g6 7. Ne2 Bg7 8. O-O
O-O 9. Nec3 Nbd7 10. a4 Nb6 11. Bb5 Rb8 12. Na3 Ne8 13. Bg5 Nc7 14. Be2 f5 15.
Qd2 Rf7 16. Rab1 Qe8 17. b3 Bb7 18. a5 Nc8 19. b4 Ba6 20. Bxa6 Nxa6 21. bxc5
Rxb1 22. Rxb1 Nxc5 23. Be3 Qd7 24. Bd4 e6 25. Bxg7 Kxg7 26. dxe6 Qxe6 27. exf5
Rxf5 28. Nab5 Qc4 29. Qd4+ Qxd4+ 30. Nxd4 Rf7 31. Rb8 Ne7 32. Ncb5 Nf5 33.
Nxf5+ Rxf5 34. Nxa7 Rd5 35. Nc6 Rd2 36. Rb1 Ra2 37. Rd1 Nb3 38. Rxd6 Nxa5 39.
Rd7+ Kh6 40. Ra7 Ra1+ 41. Kf2 Nb3 42. Rxa1 Nxa1 43. Nd4 Kg5 44. Ke3 Kf6 45. f4
Kf7 46. Kd3 1-0

[Event "Olomouc 2008 - IM - B"]
[Site "?"]
[Date "2008.07.30"]
[Round "1.5"]
[White "Havlikova, Kristyna"]
[Black "Neoral, Antonin"]
[Result "1/2-1/2"]
[WhiteElo "2135"]
[BlackElo "2169"]
[PlyCount "77"]
[EventDate "2008.07.30"]

1. e4 c5 2. Nf3 Nc6 3. d4 cxd4 4. Nxd4 g6 5. Nc3 Bg7 6. Be3 Nf6 7. Bc4 Qa5 8.
O-O d6 9. f3 O-O 10. Qd2 Bd7 11. a3 Rfc8 12. Ba2 Ne5 13. Qe2 a6 14. Nd5 Nxd5
15. exd5 b5 16. c3 Qc7 17. Rad1 Rab8 18. Bg5 Nc4 19. Rfe1 Re8 20. Qf2 Bf6 21.
Bxf6 exf6 22. f4 Qc5 23. Rxe8+ Rxe8 24. Bxc4 Qxc4 25. Qf3 f5 26. Kf2 a5 27. b3
Qc5 28. b4 axb4 29. axb4 Qa7 30. Re1 Qa2+ 31. Re2 Rxe2+ 32. Nxe2 Qd2 33. h3 h6
34. h4 Kg7 35. Kg3 Qd1 36. Nd4 Qe1+ 37. Kh3 Qh1+ 38. Kg3 Qe1+ 39. Kh3 1/2-1/2

[Event "Olomouc 2008 - IM - B"]
[Site "?"]
[Date "2008.07.31"]
[Round "2.1"]
[White "Arslanov, Shamil"]
[Black "Tikkanen, Hans"]
[Result "1-0"]
[WhiteElo "2228"]
[BlackElo "2417"]
[PlyCount "120"]
[EventDate "2008.07.30"]

1. e4 e5 2. Nf3 Nc6 3. Bb5 Nf6 4. O-O Nxe4 5. d4 Nd6 6. Bxc6 dxc6 7. dxe5 Nf5
8. Qxd8+ Kxd8 9. Rd1+ Ke8 10. b3 Ne7 11. Bb2 Bg4 12. Nbd2 c5 13. Ne4 Bxf3 14.
gxf3 Ng6 15. Rd2 Be7 16. Rad1 b6 17. Nc3 a6 18. Nd5 Bd8 19. Kf1 Rg8 20. Re1 c6
21. Ne3 Bc7 22. Nf5 Rd8 23. Rxd8+ Kxd8 24. e6 fxe6 25. Nxg7 Bxh2 26. Nxe6+ Kd7
27. Re4 Ne7 28. Ng7 Rf8 29. Rh4 Bd6 30. Rxh7 Rxf3 31. Nh5 Rf8 32. Nf6+ Ke6 33.
Ne4 Bf4 34. c4 a5 35. Ke2 a4 36. bxa4 Ra8 37. Kf3 Bc7 38. Ng5+ Kd6 39. Bf6 Bd8
40. Rh8 Kd7 41. Nf7 Ke6 42. Bxe7 Kxe7 43. Nxd8 Rxa4 44. Nxc6+ Kf6 45. Rh4 Rxa2
46. Rf4+ Ke6 47. Re4+ Kd6 48. Ne7 Rb2 49. Nf5+ Kc6 50. Re6+ Kd7 51. Rh6 b5 52.
Rb6 b4 53. Ne3 Rd2 54. Kg3 Re2 55. Kf3 Rd2 56. Kg3 Re2 57. Ng4 Ke7 58. Rb5 Kd6
59. f4 Re4 60. Ne5 Rxe5 1-0

[Event "Olomouc 2008 - IM - B"]
[Site "?"]
[Date "2008.07.31"]
[Round "2.3"]
[White "Tibensky, Robert"]
[Black "Havlikova, Kristyna"]
[Result "1-0"]
[WhiteElo "2416"]
[BlackElo "2135"]
[PlyCount "57"]
[EventDate "2008.07.30"]

1. d4 Nf6 2. c4 g6 3. Nf3 Bg7 4. g3 O-O 5. Bg2 d5 6. cxd5 Nxd5 7. O-O Nb6 8. e4
Re8 9. Qc2 Nc6 10. d5 Na5 11. Na3 c6 12. Bd2 Nd7 13. b4 Bxa1 14. Rxa1 cxd5 15.
bxa5 dxe4 16. Qxe4 Nf6 17. Qb4 Bf5 18. Re1 b6 19. a6 Rc8 20. Ne5 Nd5 21. Qb3
Be6 22. Qb2 Rc5 23. Nb5 Nc7 24. Nxa7 Bd5 25. Bb4 Bxg2 26. Bxc5 bxc5 27. Kxg2
Qd5+ 28. Kg1 Nxa6 29. Ng4 1-0

[Event "Olomouc 2008 - IM - B"]
[Site "?"]
[Date "2008.07.31"]
[Round "2.4"]
[White "Bures, Jaroslav"]
[Black "Lahiri, Atanu"]
[Result "1-0"]
[WhiteElo "2243"]
[BlackElo "2338"]
[PlyCount "48"]
[EventDate "2008.07.30"]

1. e4 e6 2. d4 d5 3. e5 c5 4. c3 Nc6 5. Nf3 Nh6 6. a3 f6 7. b4 Nf7 8. exf6 Qxf6
9. bxc5 e5 10. Be3 exd4 11. Bxd4 Nxd4 12. cxd4 Bxc5 13. Bb5+ Kf8 14. Nc3 Be6
15. O-O Be7 16. Re1 Rd8 17. Re3 Bg4 18. Qb3 Qd6 19. Rae1 Bxf3 20. Rxe7 Ng5 21.
R7e5 h6 22. Qb4 Qxb4 23. axb4 Be4 24. f3 Bg6 1-0

[Event "Olomouc 2008 - IM - B"]
[Site "?"]
[Date "2008.07.31"]
[Round "2.5"]
[White "Langrock, Hannes"]
[Black "Sluka, Radek"]
[Result "1-0"]
[WhiteElo "2398"]
[BlackElo "2326"]
[PlyCount "113"]
[EventDate "2008.07.30"]

1. e4 d5 2. exd5 Nf6 3. Bb5+ Nbd7 4. Nf3 Nxd5 5. d4 g6 6. O-O Bg7 7. Be2 O-O 8.
c4 N5b6 9. Nc3 c5 10. Be3 cxd4 11. Nxd4 Ne5 12. b3 Nc6 13. Nxc6 bxc6 14. Qc1
Nd7 15. Bh6 Qa5 16. Bxg7 Kxg7 17. Qe3 Qe5 18. Qxe5+ Nxe5 19. f4 Ng4 20. Bf3 Ne3
21. Bxc6 Rb8 22. Rf2 Rd8 23. Be4 Be6 24. Re2 Nf5 25. Bxf5 gxf5 26. Rd1 Rxd1+
27. Nxd1 Rd8 28. Ne3 Rd3 29. Kf2 Bc8 30. Rc2 e6 31. Ke2 Rd7 32. Rd2 Rc7 33. Rd8
Bb7 34. g3 Be4 35. b4 Kf6 36. a4 Ke7 37. Rd1 a5 38. b5 f6 39. Kd2 Bf3 40. Re1
Rd7+ 41. Kc3 Kd6 42. Nc2 e5 43. Na1 e4 44. Nb3 Kc7 45. Re3 Bd1 46. Nxa5 Bxa4
47. Nb3 Bxb3 48. Kxb3 Rd2 49. h4 h5 50. c5 Rf2 51. Kc3 Ra2 52. Kc4 Rd2 53. Ra3
Kb8 54. b6 Kc8 55. Ra8+ Kb7 56. Ra7+ Kb8 57. Re7 1-0

[Event "Olomouc 2008 - IM - B"]
[Site "?"]
[Date "2008.08.01"]
[Round "3.2"]
[White "Sluka, Radek"]
[Black "Cernin, Radim"]
[Result "0-1"]
[WhiteElo "2326"]
[BlackElo "2277"]
[PlyCount "82"]
[EventDate "2008.07.30"]

1. e4 c5 2. Nf3 g6 3. c4 Nc6 4. Nc3 Bg7 5. d3 d6 6. Be2 Bg4 7. O-O Nf6 8. Be3
O-O 9. h3 Bxf3 10. Bxf3 Ne8 11. g4 Nc7 12. Bg2 Rb8 13. f4 b5 14. e5 Nd4 15.
cxb5 dxe5 16. a4 a6 17. bxa6 Nxa6 18. f5 Rxb2 19. Be4 e6 20. Rb1 Rxb1 21. Qxb1
Qh4 22. Bg2 exf5 23. Qb7 fxg4 24. Qxa6 gxh3 25. Bd5 Qg3+ 26. Kh1 e4 27. Bxe4
Qxe3 28. Qd6 Nf5 29. Bxf5 Be5 30. Qd5 Bxc3 31. Be4 Bg7 32. Qd7 Be5 33. Qg4 f5
34. Qf3 Qd2 35. Qxh3 Rb8 36. Bg2 Rb3 37. Qh4 Bf6 38. Qg3 Rxd3 39. Qc7 Rd7 40.
Qxc5 Qh6+ 41. Kg1 Bd4+ 0-1

[Event "Olomouc 2008 - IM - B"]
[Site "?"]
[Date "2008.08.01"]
[Round "3.4"]
[White "Havlikova, Kristyna"]
[Black "Bures, Jaroslav"]
[Result "0-1"]
[WhiteElo "2135"]
[BlackElo "2243"]
[PlyCount "40"]
[EventDate "2008.07.30"]

1. e4 c5 2. Nf3 d6 3. d4 cxd4 4. Nxd4 Nf6 5. Nc3 a6 6. Bc4 e6 7. Bb3 Nbd7 8.
Qe2 Nc5 9. g4 h6 10. Rg1 g5 11. Bd2 Bg7 12. O-O-O b5 13. Be1 Qb6 14. f4 Nfd7
15. Bf2 gxf4 16. Qf3 Be5 17. Nde2 Bb7 18. h4 Qc6 19. Nxf4 a5 20. Nfd5 Nxb3+ 0-1

[Event "Olomouc 2008 - IM - B"]
[Site "?"]
[Date "2008.08.01"]
[Round "3.5"]
[White "Golichenko, Ilija"]
[Black "Tibensky, Robert"]
[Result "1/2-1/2"]
[WhiteElo "2381"]
[BlackElo "2416"]
[PlyCount "121"]
[EventDate "2008.07.30"]

1. d4 d5 2. c4 c6 3. Nf3 e6 4. e3 Bd6 5. Nc3 f5 6. Bd3 Qf6 7. Rb1 Ne7 8. b4 Nd7
9. b5 O-O 10. bxc6 bxc6 11. cxd5 exd5 12. Qa4 g5 13. g3 Re8 14. h4 g4 15. Nd2
Qe6 16. Ne2 Nf6 17. Ba3 Bc7 18. Nb3 Nh5 19. Nc5 Qf6 20. Ba6 f4 21. gxf4 Ng6 22.
Bxc8 Raxc8 23. Nd3 g3 24. Kf1 Qf5 25. Qd1 gxf2 26. Ne5 c5 27. Kxf2 Bxe5 28.
dxe5 Rxe5 29. Rg1 d4 30. Rg5 Qe6 31. exd4 Rxg5 32. hxg5 Qf5 33. dxc5 Nhxf4 34.
Qb3+ Nd5+ 35. Qf3 Qxg5 36. c6 Nf6 37. Rg1 Qe5 38. Rc1 h6 39. Rc2 Ne4+ 40. Ke1
Ng5 41. Qg4 Rc7 42. Bb2 Qd5 43. Qc4 Nf3+ 44. Kf2 Qxc4 45. Rxc4 Nfe5 46. Bxe5
Nxe5 47. Ra4 Nxc6 48. Ra6 Kh7 49. Ng3 Kg6 50. Kf3 Rf7+ 51. Kg2 Re7 52. Kf3 Kg5
53. Ne4+ Kf5 54. Nd6+ Ke5 55. Nb5 Rf7+ 56. Kg4 Kd5 57. Kh5 Kc5 58. a4 Rb7 59.
Kxh6 Rb6 60. Rxb6 axb6 61. Nc7 1/2-1/2

[Event "Olomouc 2008 - IM - B"]
[Site "?"]
[Date "2008.08.01"]
[Round "4.1"]
[White "Arslanov, Shamil"]
[Black "Neoral, Antonin"]
[Result "0-1"]
[WhiteElo "2228"]
[BlackElo "2169"]
[PlyCount "96"]
[EventDate "2008.07.30"]

1. d4 Nf6 2. c4 g6 3. Nc3 Bg7 4. e4 d6 5. Nf3 O-O 6. h3 Na6 7. Bg5 h6 8. Be3
Nd7 9. g4 c5 10. d5 Nc7 11. Qd2 Kh7 12. h4 b5 13. cxb5 a6 14. e5 Nxe5 15. Nxe5
dxe5 16. b6 Ne8 17. g5 h5 18. Bxc5 Nd6 19. f3 Nf5 20. Bd3 Nd4 21. Be4 Bf5 22.
Qd3 Qd7 23. Ne2 Bxe4 24. fxe4 Rac8 25. b4 f5 26. gxf6 Bxf6 27. Nxd4 exd4 28.
O-O-O a5 29. Kb1 axb4 30. Rc1 Qa4 31. Rhg1 Rg8 32. d6 exd6 33. Bxd6 Rc3 34. Qd2
b3 35. b7 Qb5 36. e5 Bxe5 37. Bxe5 Qxe5 38. Rg5 Qe4+ 39. Ka1 Rxc1+ 40. Qxc1
Qxb7 41. Qb1 b2+ 42. Qxb2 Qh1+ 43. Qb1 Qxh4 44. Rd5 Rd8 45. Rb5 d3 46. Qb2 Qe1+
47. Qb1 d2 48. Rxh5+ Kg7 0-1

[Event "Olomouc 2008 - IM - B"]
[Site "?"]
[Date "2008.08.01"]
[Round "4.2"]
[White "Tibensky, Robert"]
[Black "Tikkanen, Hans"]
[Result "1/2-1/2"]
[WhiteElo "2416"]
[BlackElo "2417"]
[PlyCount "51"]
[EventDate "2008.07.30"]

1. d4 d5 2. c4 e6 3. Nf3 c6 4. g3 dxc4 5. Bg2 b5 6. O-O Bb7 7. a4 Nd7 8. Nc3 a6
9. Ne5 Ngf6 10. Bxc6 Bxc6 11. Nxc6 Qb6 12. axb5 Bd6 13. d5 Bc5 14. b4 cxb3 15.
Qxb3 O-O 16. Na4 Qxb5 17. Nxc5 Nxc5 18. Qxb5 axb5 19. Ba3 Nb3 20. Bxf8 Rxa1 21.
Rxa1 Nxa1 22. Bd6 Nxd5 23. e4 Nf6 24. f3 Nc2 25. Kf2 b4 26. Bxb4 1/2-1/2

[Event "Olomouc 2008 - IM - B"]
[Site "?"]
[Date "2008.08.01"]
[Round "4.3"]
[White "Bures, Jaroslav"]
[Black "Golichenko, Ilija"]
[Result "0-1"]
[WhiteElo "2243"]
[BlackElo "2381"]
[PlyCount "94"]
[EventDate "2008.07.30"]

1. e4 c5 2. Nf3 d6 3. d4 cxd4 4. Nxd4 Nf6 5. Nc3 a6 6. Bg5 e6 7. f4 Nbd7 8. Qf3
Qc7 9. O-O-O Be7 10. g4 h6 11. Bxf6 Bxf6 12. h4 g5 13. hxg5 hxg5 14. Rxh8+ Bxh8
15. fxg5 Ne5 16. Qh1 Ng6 17. e5 Bxe5 18. Bg2 d5 19. Qh7 Qe7 20. Kb1 Bd7 21.
Nce2 O-O-O 22. Qh3 Qxg5 23. c4 Nf4 24. Nxf4 Qxf4 25. Qc3 Kb8 26. cxd5 exd5 27.
Qa5 Bc7 28. Qxd5 Bc8 29. Qc5 Qxg4 30. Bf3 Qf4 31. Bg2 Rd6 32. a3 Bb6 33. Qxd6+
Qxd6 34. Nc6+ Qxc6 35. Bxc6 bxc6 36. Rd6 Kc7 37. Rf6 Be6 38. b4 Bd4 39. Rh6 Bd5
40. Kc2 Be4+ 41. Kb3 Bd5+ 42. Kc2 f5 43. Kd3 Bb2 44. a4 f4 45. Rh5 Kb6 46. Rf5
f3 47. Rf8 Be5 0-1

[Event "Olomouc 2008 - IM - B"]
[Site "?"]
[Date "2008.08.01"]
[Round "4.5"]
[White "Cernin, Radim"]
[Black "Lahiri, Atanu"]
[Result "0-1"]
[WhiteElo "2277"]
[BlackElo "2338"]
[PlyCount "48"]
[EventDate "2008.07.30"]

1. c4 g6 2. g3 Bg7 3. Bg2 d6 4. Nf3 e5 5. Nc3 f5 6. d3 Nf6 7. O-O O-O 8. Bg5 h6
9. Bxf6 Qxf6 10. Rb1 c6 11. Nd2 Be6 12. b4 Nd7 13. b5 e4 14. Rc1 d5 15. bxc6
bxc6 16. Qa4 d4 17. Ncb1 Ne5 18. dxe4 f4 19. Nf3 d3 20. exd3 Nxd3 21. Rc3 Nc5
22. Qxc6 Rfc8 23. Qb5 Rab8 24. e5 Qd8 0-1

[Event "Olomouc 2008 - IM - B"]
[Site "?"]
[Date "2008.08.01"]
[Round "4.6"]
[White "Blomqvist, Erik"]
[Black "Sluka, Radek"]
[Result "0-1"]
[WhiteElo "2322"]
[BlackElo "2326"]
[PlyCount "74"]
[EventDate "2008.07.30"]

1. e4 c5 2. Nf3 Nc6 3. d4 cxd4 4. Nxd4 e5 5. Nb5 d6 6. N1c3 a6 7. Na3 b5 8. Nd5
Nge7 9. c4 Nd4 10. cxb5 Nxd5 11. exd5 Be7 12. Be3 Nf5 13. Bd2 e4 14. Nc2 O-O
15. bxa6 Bf6 16. Be2 Nh4 17. O-O Bxb2 18. Rb1 Be5 19. Nb4 Re8 20. Rb3 Qf6 21.
Nc6 Bxa6 22. Bxa6 Rxa6 23. Qg4 h6 24. a3 Ng6 25. g3 Bd4 26. h4 Ra4 27. Bb4 Bc5
28. h5 Nf8 29. Kg2 Nh7 30. Qd7 Raa8 31. f4 Bxb4 32. axb4 e3 33. Re1 Nf8 34. Qg4
Ra2+ 35. Kh3 e2 36. Kg2 Qa1 37. Rxa1 Rxa1 0-1

[Event "Olomouc 2008 - IM - B"]
[Site "?"]
[Date "2008.08.02"]
[Round "5.1"]
[White "Sluka, Radek"]
[Black "Arslanov, Shamil"]
[Result "1-0"]
[WhiteElo "2326"]
[BlackElo "2228"]
[PlyCount "83"]
[EventDate "2008.07.30"]

1. e4 c5 2. Nf3 e6 3. b3 d5 4. exd5 exd5 5. Bb5+ Bd7 6. Bxd7+ Qxd7 7. O-O Nc6
8. Re1+ Be7 9. Bb2 Nf6 10. d4 O-O-O 11. Ne5 Nxe5 12. dxe5 Ne4 13. f3 Ng5 14. a4
Ne6 15. Nc3 d4 16. Nb5 a6 17. Na3 d3 18. Nc4 Kc7 19. Nd6 Bxd6 20. exd6+ Kxd6
21. Qxd3+ Kc6 22. Qf5 Nd4 23. Qe4+ Kb6 24. a5+ Ka7 25. Bxd4 cxd4 26. Red1 Rhe8
27. Qxh7 g6 28. Qh4 Re2 29. Ra4 Qe8 30. h3 Qe3+ 31. Kh1 g5 32. Qg4 Qe5 33. Rc4
Qxa5 34. f4 Rde8 35. Qxg5 f5 36. Qg7 R8e4 37. Rc7 Qd5 38. Rd7 Qc6 39. R1xd4
Rxc2 40. Rxb7+ Qxb7 41. Rd7 Rc7 42. Rxc7 1-0

[Event "Olomouc 2008 - IM - B"]
[Site "?"]
[Date "2008.08.02"]
[Round "5.2"]
[White "Lahiri, Atanu"]
[Black "Blomqvist, Erik"]
[Result "1/2-1/2"]
[WhiteElo "2338"]
[BlackElo "2322"]
[PlyCount "104"]
[EventDate "2008.07.30"]

1. d4 d5 2. c4 c6 3. Nc3 e6 4. e4 dxe4 5. Nxe4 Bb4+ 6. Bd2 Qxd4 7. Bxb4 Qxe4+
8. Ne2 Na6 9. Bc3 f6 10. Qd2 e5 11. f3 Qf5 12. O-O-O Qd7 13. Qe3 Qe7 14. f4 Nh6
15. h3 Nf5 16. Qf2 Qc5 17. Qxc5 Nxc5 18. fxe5 fxe5 19. Bxe5 Ne3 20. Rd4 O-O 21.
Bd6 Ne6 22. Bxf8 Nxd4 23. Nxd4 Kxf8 24. Bd3 g6 25. g4 Bd7 26. Kd2 Re8 27. Re1
Ng2 28. Rf1+ Kg7 29. Rf2 Nh4 30. c5 h5 31. gxh5 gxh5 32. Rf4 Ng2 33. Rf3 Nh4
34. Rf4 Ng2 35. Nf5+ Bxf5 36. Rxf5 Nh4 37. Rxh5 Nf3+ 38. Kc2 Ne1+ 39. Kd2 Nf3+
40. Kd1 Re3 41. Be2 Nd4 42. Bg4 b6 43. Kd2 Rg3 44. cxb6 axb6 45. Rg5+ Kf6 46.
Rg8 c5 47. Rf8+ Ke5 48. Rf2 Ke4 49. a3 Nb3+ 50. Kc2 Nd4+ 51. Kd2 Nb3+ 52. Kc2
Nd4+ 1/2-1/2

[Event "Olomouc 2008 - IM - B"]
[Site "?"]
[Date "2008.08.02"]
[Round "5.3"]
[White "Havlikova, Kristyna"]
[Black "Cernin, Radim"]
[Result "0-1"]
[WhiteElo "2135"]
[BlackElo "2277"]
[PlyCount "102"]
[EventDate "2008.07.30"]

1. e4 c5 2. Nf3 g6 3. c4 Nc6 4. d4 cxd4 5. Nxd4 Nf6 6. Nc3 d6 7. Be2 Nxd4 8.
Qxd4 Bg7 9. Bg5 O-O 10. Qd2 Be6 11. Rc1 Qa5 12. O-O Rfc8 13. b3 a6 14. f3 b5
15. Nd5 Qxd2 16. Bxd2 Nxd5 17. cxd5 Bd4+ 18. Kh1 Bd7 19. Rxc8+ Rxc8 20. Rc1 Rc5
21. Bd3 Kf8 22. g4 e6 23. dxe6 Bxe6 24. Kg2 Ke7 25. Kf1 Rxc1+ 26. Bxc1 d5 27.
Ke2 Kd6 28. Ba3+ Ke5 29. Bc1 Bg1 30. h3 Bh2 31. exd5 Bxd5 32. Be3 Bf4 33. Bb6
Bc1 34. Be3 Ba3 35. h4 h5 36. f4+ Kd6 37. gxh5 gxh5 38. Kf2 Be6 39. f5 Bd7 40.
Kf3 Ke5 41. Bf4+ Kd4 42. Be4 Be7 43. Bg5 f6 44. Bd2 b4 45. Be1 Bb5 46. Bc2 Bc6+
47. Ke2 Be4 48. Bf2+ Ke5 49. Bd3 Bxd3+ 50. Kxd3 Kxf5 51. Kd4 Kg4 0-1

[Event "Olomouc 2008 - IM - B"]
[Site "?"]
[Date "2008.08.02"]
[Round "5.4"]
[White "Golichenko, Ilija"]
[Black "Langrock, Hannes"]
[Result "1/2-1/2"]
[WhiteElo "2381"]
[BlackElo "2398"]
[PlyCount "62"]
[EventDate "2008.07.30"]

1. d4 e6 2. c4 b6 3. a3 g6 4. Nc3 Bg7 5. Nf3 Ne7 6. g3 Ba6 7. b3 c5 8. Bb2 cxd4
9. Nxd4 Bb7 10. e4 O-O 11. Bg2 a6 12. O-O Nbc6 13. Na4 Qc7 14. Nxc6 Nxc6 15.
Bxg7 Kxg7 16. c5 b5 17. Nb6 Rad8 18. Qd6 Qxd6 19. cxd6 Nd4 20. Rab1 e5 21. Rfd1
Rfe8 22. Kf1 Re6 23. a4 bxa4 24. bxa4 a5 25. f4 f6 26. Kf2 Ba6 27. Bf1 Bxf1 28.
Kxf1 Rxd6 29. fxe5 fxe5 30. Nc4 Rf6+ 31. Kg2 d6 1/2-1/2

[Event "Olomouc 2008 - IM - B"]
[Site "?"]
[Date "2008.08.02"]
[Round "5.6"]
[White "Neoral, Antonin"]
[Black "Tibensky, Robert"]
[Result "1/2-1/2"]
[WhiteElo "2169"]
[BlackElo "2416"]
[PlyCount "77"]
[EventDate "2008.07.30"]

1. e4 e6 2. d3 d5 3. Nd2 c5 4. Ngf3 Nc6 5. g3 g6 6. Bg2 Bg7 7. O-O Nge7 8. Re1
b6 9. exd5 Nxd5 10. Ne4 O-O 11. Bg5 f6 12. Bd2 e5 13. Nc3 Nde7 14. a3 Be6 15.
Qc1 Re8 16. Rb1 Rc8 17. b4 Qd7 18. bxc5 bxc5 19. Ne4 Nd8 20. Be3 Nb7 21. Nxe5
fxe5 22. Rxb7 Qd8 23. Bg5 Rc7 24. Rxc7 Qxc7 25. Nf6+ Bxf6 26. Bxf6 Nf5 27. Bxe5
Qd7 28. Qg5 Qf7 29. c3 h6 30. Qd2 Kh7 31. d4 cxd4 32. cxd4 Bd5 33. Qa5 Bxg2 34.
Kxg2 Nxd4 35. Bxd4 Rxe1 36. Qxe1 Qd5+ 37. f3 Qxd4 38. Qe7+ Kg8 39. Qe8+ 1/2-1/2

[Event "Olomouc 2008 - IM - B"]
[Site "?"]
[Date "2008.08.03"]
[Round "6.1"]
[White "Arslanov, Shamil"]
[Black "Tibensky, Robert"]
[Result "1-0"]
[WhiteElo "2228"]
[BlackElo "2416"]
[PlyCount "77"]
[EventDate "2008.07.30"]

1. e4 e6 2. d4 d5 3. Nc3 Nf6 4. e5 Nfd7 5. f4 c5 6. Nf3 Nc6 7. Be3 cxd4 8. Nxd4
Bc5 9. Qd2 O-O 10. Qf2 Bb4 11. Bd3 Nb6 12. O-O f6 13. exf6 Qxf6 14. Nxc6 bxc6
15. Bc5 Bxc5 16. Qxc5 Bb7 17. Rae1 Rf7 18. a4 Qe7 19. Qe3 Re8 20. a5 Nc8 21. a6
Ba8 22. Na4 Qb4 23. b3 Rfe7 24. Qc5 Qb8 25. Qd4 Nd6 26. Nc5 Nf7 27. Re2 Qd6 28.
b4 Qc7 29. c3 Qd6 30. Ref2 Qc7 31. Be2 Nd6 32. Qe5 Qd8 33. Bg4 Nc4 34. Qd4 Qd6
35. Re1 Na3 36. Qe5 Qxe5 37. Rxe5 Nb5 38. Bxe6+ Kh8 39. Bd7 1-0

[Event "Olomouc 2008 - IM - B"]
[Site "?"]
[Date "2008.08.03"]
[Round "6.2"]
[White "Bures, Jaroslav"]
[Black "Neoral, Antonin"]
[Result "0-1"]
[WhiteElo "2243"]
[BlackElo "2169"]
[PlyCount "74"]
[EventDate "2008.07.30"]

1. e4 c5 2. Nf3 Nc6 3. d4 cxd4 4. Nxd4 g6 5. c4 Bg7 6. Be3 Qb6 7. Nb5 Qa5+ 8.
N1c3 a6 9. Nd4 Nf6 10. Nb3 Qd8 11. c5 O-O 12. g3 d6 13. cxd6 exd6 14. Bg2 Bg4
15. Qc2 Rc8 16. h3 Be6 17. O-O b5 18. Qd1 Ne5 19. Ne2 Bc4 20. Nbd4 d5 21. f4
Bxe2 22. Qxe2 Nc4 23. e5 Nxe3 24. Qxe3 Re8 25. Rfd1 Bf8 26. Nb3 Rc4 27. Kh1 Ne4
28. Bxe4 Rxe4 29. Qd3 Qc8 30. Kh2 Qc4 31. Kh1 Be7 32. Kg2 Re2+ 33. Kf3 Rxb2 34.
Na5 Qa4 35. Nb3 Rc8 36. Qxd5 Rc3+ 37. Rd3 Rbxb3 0-1

[Event "Olomouc 2008 - IM - B"]
[Site "?"]
[Date "2008.08.03"]
[Round "6.3"]
[White "Langrock, Hannes"]
[Black "Tikkanen, Hans"]
[Result "1/2-1/2"]
[WhiteElo "2398"]
[BlackElo "2417"]
[PlyCount "35"]
[EventDate "2008.07.30"]

1. e4 e5 2. Nf3 Nc6 3. Bb5 Nf6 4. d3 Bc5 5. Bxc6 dxc6 6. Be3 Qe7 7. O-O O-O 8.
Nbd2 Bg4 9. Bxc5 Qxc5 10. Nc4 Nxe4 11. Ncxe5 Bxf3 12. Nxf3 Ng5 13. Nxg5 Qxg5
14. Qc1 Qb5 15. b3 Rfe8 16. Qd2 Qd5 17. a4 a5 18. g3 1/2-1/2

[Event "Olomouc 2008 - IM - B"]
[Site "?"]
[Date "2008.08.03"]
[Round "6.4"]
[White "Cernin, Radim"]
[Black "Golichenko, Ilija"]
[Result "0-1"]
[WhiteElo "2277"]
[BlackElo "2381"]
[PlyCount "118"]
[EventDate "2008.07.30"]

1. c4 Nf6 2. Nc3 e5 3. Nf3 Nc6 4. g3 d5 5. cxd5 Nxd5 6. Bg2 Nb6 7. O-O Be7 8.
Rb1 a5 9. Na4 Nd5 10. d3 O-O 11. Nc3 Be6 12. Nxd5 Bxd5 13. b3 f6 14. Bb2 a4 15.
bxa4 Bxa2 16. Ra1 Bd5 17. Nd2 Bxg2 18. Kxg2 Qd5+ 19. Kg1 Bb4 20. Qb3 Qxb3 21.
Nxb3 Ra6 22. Ba3 Rxa4 23. Bxb4 Rxb4 24. Nc5 Rb5 25. Rfc1 Nd4 26. Kf1 Rxc5 27.
Rxc5 Nb3 28. Rcc1 c6 29. f4 exf4 30. gxf4 Nxc1 31. Rxc1 Ra8 32. Kf2 Kf7 33. e4
g6 34. Ke3 Ke6 35. h4 Ra5 36. Rb1 Rb5 37. Rxb5 cxb5 38. d4 h6 39. d5+ Kd6 40.
Kd4 g5 41. hxg5 hxg5 42. e5+ fxe5+ 43. fxe5+ Kd7 44. e6+ Kd6 45. Ke4 g4 46. Kf5
g3 47. Kf6 g2 48. e7 g1=Q 49. e8=Q Qd4+ 50. Kf5 Qxd5+ 51. Kg4 Qc4+ 52. Kg3 Qd3+
53. Kf4 Qd4+ 54. Kf3 b6 55. Qf8+ Kd5 56. Qf7+ Kc5 57. Qe7+ Kc4 58. Ke2 b4 59.
Qe6+ Kc3 0-1

[Event "Olomouc 2008 - IM - B"]
[Site "?"]
[Date "2008.08.03"]
[Round "6.6"]
[White "Sluka, Radek"]
[Black "Lahiri, Atanu"]
[Result "0-1"]
[WhiteElo "2326"]
[BlackElo "2338"]
[PlyCount "67"]
[EventDate "2008.07.30"]

1. e4 e6 2. d4 d5 3. Nc3 Nc6 4. e5 f6 5. Nf3 fxe5 6. Nxe5 Nxe5 7. dxe5 Bc5 8.
Qg4 Qe7 9. Na4 Bb4+ 10. c3 Ba5 11. b4 Bb6 12. Nxb6 axb6 13. Bd3 Qf7 14. h4 Ne7
15. h5 O-O 16. Qe2 Bd7 17. Rh3 c5 18. h6 g6 19. bxc5 bxc5 20. Bg5 Bc6 21. Rf3
Qe8 22. Rf6 Qd7 23. Kf1 c4 24. Bc2 d4 25. cxd4 Nd5 26. Rxf8+ Rxf8 27. Kg1 Nf4
28. Qxc4 Bxg2 29. Bxf4 Bd5 30. Ba4 Qe7 31. Qe2 Rxf4 32. Bb3 Qg5+ 33. Kf1 Qg2+
34. Ke1 0-1